LEADER 01925nam 2200385 n 450 001 996390678403316 005 20200824121514.0 035 $a(CKB)4940000000099822 035 $a(EEBO)2264213496 035 $a(UnM)99830489e 035 $a(UnM)99830489 035 $a(EXLCZ)994940000000099822 100 $a19950803d1676 uy | 101 0 $alat 135 $aurbn||||a|bb| 200 00$aCompendiaria et perfacilis physiologię idea, Aristotelicę$b[electronic resource] $eforte conformior, physicę practicę ac chymicis experimentis accommodatior & aptior, quam quę vulgo in scholis obtinuir, & in amplis Jesuitarum moriumentis conspicitur. Una cum anatome cartesianismi, in qua cartesii speculationes metaphysicę examini subjiciuntur. Authore. Alexandro Pitcarnio Scoto philosophię quondam professore, nunc dronensis ecclesię strathernię pastore 210 $aLondini $cexcusa impensis Thom. Parkhurst, ad insigne bibliorum & trium coronarum juxta Sacellum Mercatorum in vico vulgo vocato Cheapside$dMDCLXXVI [1676] 215 $a[14], 78, [4], 88 p 300 $a"Anatome Cartesianismi, pars prima, Cartesii speculationes metaphysicas complectens" has a separate dated title page, pagination and register. 300 $aIncludes an errata page (F8). 300 $aCopy on reel 2367 identified as Wing P2293. 300 $aCopy on reel 2367 is missing 1 p.l. 300 $aReproductions of the originals in the British Library and the Folger Shakespeare Library (Washington, D.C.). 330 $aeebo-0055 606 $aPhilosophy, Ancient$vEarly works to 1800 615 0$aPhilosophy, Ancient 700 $aPitcarne$b Alexander$f1622?-1695.$01008139 801 0$bCu-RivES 801 1$bCu-RivES 801 2$bCStRLIN 801 2$bWaOLN 906 $aBOOK 912 $a996390678403316 996 $aCompendiaria et perfacilis physiologię idea, Aristotelicę$92324581 997 $aUNISA LEADER 01095nas 2200421 c 450 001 9910893800603321 005 20260218112745.0 024 7 $aurn:nbn:de:0128-6-5428 035 $a(CKB)5280000000199384 035 $a(DE-599)ZDB2758070-2 035 $a(OCoLC)1185405496 035 $a(DE-101)1047647532 035 $a(DE-599)2758070-2 035 $a(EXLCZ)995280000000199384 100 $a20140219b17441745 |y | 101 0 $ager 135 $aur||||||||||| 181 $ctxt$2rdacontent 182 $cc$2rdamedia 183 $acr$2rdacarrier 200 00$aTrierische Staats- und gelehrte Zeitungen 210 31$aTrier$c[Trierische Zeitungs-Bude]$d1744-1745 215 $aOnline-Ressource 607 $aTrier$2gnd 608 $aZeitung$2gnd-content 608 $aZeitung$2gnd 676 $a070 676 $a914.3 676 $a943 676 $a060 686 $a100$2rpb 801 0$b0929 801 1$bDE-101 801 2$b9999 906 $aJOURNAL 912 $a9910893800603321 996 $aTrierische Staats- und gelehrte Zeitungen$94229395 997 $aUNINA